000 00308nam a22001337a 4500
008 170817b xxu||||| |||| 00| 0 eng d
020 _a9780077350109
041 _aeng
080 _29TH
_a51
100 _a36
101 _aMAT
245 _aCOLLEGE ALGEBRA WITH TRIGONOMETRY
_cBARNETT,R.A
942 _2udc
_cBK
999 _c23857
_d23857